|
|
|
|
| LEADER |
00000nab a2200000 a 4500 |
| 001 |
vtls000108791 |
| 003 |
SK-MaSNL |
| 005 |
20260303024318.0 |
| 008 |
111104c1982 xo 0 slo |
| 015 |
|
|
|a SNBRB19rr/mm-uuuuu
|
| 035 |
|
|
|a CL0118894
|
| 040 |
|
|
|a SNKBUCL
|b slo
|c SNKBUCL
|e AACR2
|
| 041 |
0 |
|
|a slo
|
| 044 |
|
|
|a xo
|c SK
|
| 080 |
|
|
|a 631.1
|2 1981
|
| 100 |
1 |
|
|a Lisal, Martin
|4 aut
|9 679095
|
| 245 |
1 |
0 |
|a Moderné prístupy
|b V Bratislave - Vajnoroch riešia úlohy pružne
|c Martin Lisal
|
| 650 |
0 |
7 |
|a JRD Vajnory, Slovensko
|2 snkbucl
|9 921029
|
| 651 |
|
7 |
|a 5201
|2 snkbucl
|9 277970
|
| 655 |
|
7 |
|a články z novín a časopisov
|2 snkbucl
|9 267496
|
| 773 |
0 |
|
|t Roľnícke noviny
|g Roč. 37, č. 47 (25. 2. 1982), s. 3
|
| 850 |
|
|
|a Slovenská národná knižnica v Martine
|a MTA001
|
| 852 |
|
|
|a SNK
|b KIS3GCP
|
| 958 |
|
|
|a RK
|
| 992 |
|
|
|a RBX
|
| 999 |
|
|
|c 1639739
|d 1641669
|